| 000 | 00505nam a2200181Ia 4500 | ||
|---|---|---|---|
| 008 | 230711s9999||||xx |||||||||||||| ||und|| | ||
| 020 | _a81-239-1621-7 | ||
| 041 | _aENG | ||
| 082 |
_a547.7 _bSI-N |
||
| 100 | _aSiddiqui,Anees A | ||
| 245 | 0 | _aNatural products Chemistry practical manual ( for science and Pharmacy course) | |
| 250 | _a1st Ed. | ||
| 260 |
_c2008 _aNew Delhi _bCBS Publishers & Distributors Pvt.Ltd |
||
| 300 | _a274p. | ||
| 650 | _aChemistry | ||
| 700 | _aSiddiqui,Seemi | ||
| 942 | _cBK | ||
| 999 |
_c7165 _d7165 |
||